LEADER 02055nam 2200517Ia 450 001 9910697871503321 005 20081204163808.0 035 $a(CKB)5470000002392266 035 $a(OCoLC)277005335 035 $a(EXLCZ)995470000002392266 100 $a20081204e19811855 ua 0 101 0 $aeng 135 $aurbn||||||||| 181 $ctxt$2rdacontent 182 $cc$2rdamedia 183 $acr$2rdacarrier 200 10$aExplorer on the northern plains$b[electronic resource] $eLieutenant Gouverneur K. Warren's Preliminary report of explorations in Nebraska and Dakota, in the years 1855-'56-'57 /$fintroduction by Frank N. Schubert 210 1$aWashington, D.C. :$cHistorical Division, Office of Administrative Services, Office of the Chief of Engineers,$d[1981] 215 $axxxiv, 125 pages $cillustrations, maps, portraits ;$d23 cm 225 1 $aEngineer historical studies ;$vno. 2 225 1 $aEP ;$v870-1-7 300 $aTitle from title screen (viewed Dec. 3, 2008). 300 $aReprint. Originally published: Preliminary report of explorarions in Nebraska, Dakota, in the years 1855-'56-'57. Washington : G.P.O. 300 $a"Oct. 1981." 320 $aIncludes bibliographical references. 517 $aExplorer on the northern plains 606 $aNatural history$zNebraska 606 $aNatural history$zSouth Dakota 606 $aGeology$zNebraska 606 $aGeology$zSouth Dakota 607 $aNebraska$xDescription and travel 607 $aSouth Dakota$xDescription and travel 607 $aMiddle West$xDiscovery and exploration 615 0$aNatural history 615 0$aNatural history 615 0$aGeology 615 0$aGeology 700 $aWarren$b G. K$g(Gouverneur Kemble),$f1830-1882.$01418233 701 $aSchubert$b Frank N$01171404 712 02$aUnited States.$bArmy.$bCorps of Engineers.$bHistorical Division. 801 0$bGPO 801 1$bGPO 906 $aBOOK 912 $a9910697871503321 996 $aExplorer on the northern plains$93529042 997 $aUNINA